Deep learning for emotion classification from speech (Record no. 356209)
[ view plain ]
| 000 -LEADER | |
|---|---|
| fixed length control field | 00470nam a2200145 4500 |
| 082 ## - DEWEY DECIMAL CLASSIFICATION NUMBER | |
| Classification number | MSEE-7 SID |
| 100 ## - MAIN ENTRY--PERSONAL NAME | |
| Personal name | Siddique Latif |
| 245 ## - TITLE STATEMENT | |
| Title | Deep learning for emotion classification from speech |
| 260 ## - PUBLICATION, DISTRIBUTION, ETC. | |
| Place of publication, distribution, etc. | Islamabad |
| Name of publisher, distributor, etc. | NUST-SEECS |
| Date of publication, distribution, etc. | 2018 |
| 300 ## - PHYSICAL DESCRIPTION | |
| Extent | 92p. |
| Accompanying material | CD Includes |
| 856 ## - Uniform Resource Identifier | |
| Uniform Resource Identifier | <a href="http://10.250.8.41:8080/xmlui/handle/123456789/5335">http://10.250.8.41:8080/xmlui/handle/123456789/5335</a> |
| 942 ## - ADDED ENTRY ELEMENTS (KOHA) | |
| Source of classification or shelving scheme | |
| Koha item type | Thesis |
| Withdrawn status | Lost status | Source of classification or shelving scheme | Damaged status | Not for loan | Collection code | Permanent Location | Current Location | Shelving location | Date acquired | Source of acquisition | Total Checkouts | Full call number | Barcode | Date last seen | Price effective from | Koha item type | Non-public note |
|---|---|---|---|---|---|---|---|---|---|---|---|---|---|---|---|---|---|
| Central Library (CL) | Central Library (CL) | General Stacks | 03/01/2018 | NUST-SEECS | MSEE-7 SID | SEECSP02289 | 03/01/2018 | 03/01/2018 | Project Report | ||||||||
| Central Library (CL) | Central Library (CL) | Thesis | 10/04/2019 | 621.3 | CL-T-3614 | 10/04/2019 | 10/04/2019 | Thesis | Minute Sheet No. 0929/02/CL/Survey/5 dated 23rd April 2024 E-MIN ID 114741 | ||||||||
| Central Library (CL) | Central Library (CL) | Thesis | 12/13/2019 | 621.3MSEE-7 SID | CL-T-4268 | 12/13/2019 | 12/13/2019 | Thesis | Minute Sheet No. 0929/02/CL/Survey/5 dated 23rd April 2024 E-MIN ID 114741 |
